000
00311nam a22001337a 4500
020
_q
PB.
040
_c
FIZZA ISHAQ
082
_a
530.076
_b
FAU
100
_a
FAUGHN,SERWAY.
_9
130767
245
_a
COLLEGE PHYSICS /
_c
SERWAY FAUGHN.
260
_a
USA ;
_b
CANADA,
_c
2003.
300
_a
966 P. ;
942
_2
ddc
_c
BK
999
_c
614949
_d
614949